Quan niệm của C. Mác về văn hoá và vai trò của văn hoá đối với sự sự tồn tại và phát triển của xã hội trong bản thảo kinh tế - triết học năm 1844 /
Shranjeno v:
| Glavni avtor: | |
|---|---|
| Format: | Bài viết |
| Jezik: | Vietnamese |
| Teme: | |
| Oznake: |
Označite
Brez oznak, prvi označite!
|
| Thư viện lưu trữ: | Thư viện Trường Đại học Đà Lạt |
|---|
| LEADER | 00974nam a2200289 4500 | ||
|---|---|---|---|
| 001 | DLU040000063 | ||
| 040 | # | # | |a DLU |b vie |
| 041 | # | # | |a vie |
| 044 | # | # | |a vn |
| 100 | # | # | |a Thái Thị Thu Hương |
| 245 | # | # | |a Quan niệm của C. Mác về văn hoá và vai trò của văn hoá đối với sự sự tồn tại và phát triển của xã hội trong bản thảo kinh tế - triết học năm 1844 / |c Thái Thị Thu Hương |
| 600 | # | # | |a Marx, Karl (1818 - 1883) |
| 653 | # | # | |a Kinh tế |
| 653 | # | # | |a Triết học Mác - Lênin |
| 653 | # | # | |a Văn hoá |
| 653 | # | # | |a Xã hội |
| 773 | # | # | |a Tạp chí Khoa học Xã hội |g Số 2(66) - 2004, tr. 28 – 32 |
| 920 | # | # | |a Phòng Tạp chí -- Trung tâm Thông tin - Thư viện Trường Đại học Đà Lạt |
| 933 | # | # | |a ML |
| 994 | # | # | |a DLU |
| 900 | # | # | |a True |
| 911 | # | # | |a Nguyễn Năng Hải |
| 925 | # | # | |a G |
| 926 | # | # | |a A |
| 927 | # | # | |a BB |
| 980 | # | # | |a Thư viện Trường Đại học Đà Lạt |